[Event "Lansing op"]
[Site "Lansing"]
[Date "2002.09.02"]
[Round "6"]
[White "Monge, Jeff"]
[Black "Nicolli, Randy"]
[Result "1-0"]
[WhiteElo "1575"]
[BlackElo "1672"]
[PlyCount "71"]
[EventDate "2002.08.30"]
[EventType "swiss"]
[EventRounds "7"]
[EventCountry "USA"]
[SourceTitle "EXT 2007"]
[Source "ChessBase"]
[SourceDate "2006.11.23"]
[SourceVersion "1"]
[SourceVersionDate "2006.11.23"]
[SourceQuality "1"]

1. d4 f5 2. g3 Nf6 3. Bg2 e6 4. c4 Be7 5. Nc3 0-0 6. e3 d6 7. Nf3 a6 8. a4 Qe8 9. b4 Nc6 10. b5 axb5 11. Nxb5 Bd8 12. Ba3 e5 13. dxe5 Nxe5 14. Nxe5 Qxe5 15. 0-0 Ne4 16. Qc2 Bd7 17. Bb2 Qe8 18. Rfd1 Bxb5 19. cxb5 Rf7 20. Rd4 Bf6 21. Rxe4 fxe4 22. Bxf6 Rxf6 23. Bxe4 Qe5 24. Bxh7+ Kh8 25. Rc1 Raf8 26. Rf1 d5 27. Bd3 d4 28. exd4 Qxd4 29. Qe2 c5 30. a5 Rd6 31. Qh5+ Rh6 32. Qe2 Rd8 33. Bc4 Kh7 34. a6 bxa6 35. bxa6 Rd7 36. Qa2 1-0

[Event "Lansing op"]
[Site "Lansing"]
[Date "2002.09.01"]
[Round "5"]
[White "Harris, Harold"]
[Black "Monge, Jeff"]
[Result "0-1"]
[WhiteElo "1434"]
[BlackElo "1575"]
[PlyCount "69"]
[EventDate "2002.08.30"]
[EventType "swiss"]
[EventRounds "7"]
[EventCountry "USA"]
[SourceTitle "EXT 2007"]
[Source "ChessBase"]
[SourceDate "2006.11.23"]
[SourceVersion "1"]
[SourceVersionDate "2006.11.23"]
[SourceQuality "1"]

1. e4 e6 2. d4 d5 3. e5 c5 4. c3 Nc6 5. Nf3 Nge7 6. Bd3 Bd7 7. Bg5 Qb6 8. Qb3 c4 9. Qxb6 axb6 10. Bc2 b5 11. b4 cxb3 12. Bxb3 Na5 13. Nbd2 Nc4 14. 0-0 h6 15. Bh4 Nf5 16. Bg3 Be7 17. Bc2 Nxg3 18. hxg3 0-0 19. Nb3 b6 20. Bd3 Ra3 21. Rfc1 Rfa8 22. Rc2 Rxb3 23. axb3 Rxa1+ 24. Kh2 Na5 25. b4 Nc4 26. Nd2 f5 27. Nb3 Ra3 28. Nc1 Be8 29. Be2 f4 30. Nd3 fxg3+ 31. Kxg3 Bg6 32. Rc1 Bxd3 33. Bxd3 Bxb4 34. cxb4 Rxd3+ 35. Kf4 0-1

[Event "Lansing op"]
[Site "Lansing"]
[Date "2002.08.31"]
[Round "2"]
[White "Gregory, Kevin"]
[Black "Monge, Jeff"]
[Result "1-0"]
[WhiteElo "1770"]
[BlackElo "1575"]
[PlyCount "119"]
[EventDate "2002.08.30"]
[EventType "swiss"]
[EventRounds "7"]
[EventCountry "USA"]
[SourceTitle "EXT 2007"]
[Source "ChessBase"]
[SourceDate "2006.11.23"]
[SourceVersion "1"]
[SourceVersionDate "2006.11.23"]
[SourceQuality "1"]

1. d4 Nf6 2. Nf3 b6 3. Bf4 e6 4. e3 Bb7 5. Nbd2 c5 6. c3 cxd4 7. exd4 Ne4 8. Nxe4 Bxe4 9. Ng5 Bd5 10. Qh5 g6 11. Qg4 f6 12. Nf3 Qe7 13. h4 Nc6 14. Bd3 e5 15. dxe5 Nxe5 16. Nxe5 d6 17. Bb5+ Kd8 18. Qd7+ Qxd7 19. Nxd7 Be7 20. 0-0 Be6 21. Nxf6 Bxf6 22. Bxd6 Bxh4 23. Rfd1 Bf6 24. Re1 Bd7 25. Ba6 Bc8 26. Bxc8 Kxc8 27. Re6 Bd8 28. Rae1 Kd7 29. Bg3 Rc8 30. Rd6+ Kc7 31. Rxg6+ Kb7 32. Rg7+ Ka8 33. Rd1 Rc5 34. Rdd7 Ra5 35. a3 h6 36. Rb7 Bf6 37. Rh7 Rd8 38. Rbd7 Re8 39. Rxh6 Bg5 40. Rhh7 Bc1 41. Bd6 Bxb2 42. Bb4 Ra4 43. f4 Bxa3 44. f5 Bxb4 45. cxb4 Rf8 46. f6 Rxb4 47. Rxa7+ Kb8 48. Rae7 Rc4 49. Rb7+ Kc8 50. Rxb6 Rf4 51. Ra6 Kb8 52. Rh6 Rf7 53. Re6 Rf8 54. Kh2 Rg4 55. Rh7 Rfg8 56. f7 Rxg2+ 57. Kh3 R8g3+ 58. Kh4 Rf3 59. Re8+ Kc7 60. f8Q+ 1-0